| 000 | 00644nam a2200193 i 4500 | ||
|---|---|---|---|
| 001 | 104742 | ||
| 003 | ES-MaACL | ||
| 005 | 20230906183657.0 | ||
| 007 | t| | ||
| 008 | 051212s1964 sp ||||1| cat d | ||
| 100 | 1 |
_aMiracle, Josep. _981471 |
|
| 245 | 1 | 2 |
_aL'eleccio de Francesc XXX / _cJosep Miracle; amb uns mots inicials de Mossén Pere Ribot i amb boixos acolorits a má d'Antoni Gelabert. |
| 250 | _aEdició d'Homanatge. | ||
| 260 |
_aBarcelona : _bAltés, _c1964. |
||
| 300 |
_a90 p., 2 h. con 5 lám. ; _c30 cm. |
||
| 700 | 1 |
_aRibot, Pere. _996837 |
|
| 852 |
_aES-MaACL _jC-26832 _bR.55881 |
||
| 852 |
_aES-MaACL _jC-27542 _bR.56518 |
||
| 999 |
_c104742 _d104742 |
||